000 00889cab a2200253 4500
001 WB3406-18
008 090401t1998 xxu||||| |||| 00| 0 eng d
035 _a(Sirsi) u84173
041 _aeng
245 _aRoad scheme tests
260 _c1998
350 _a0
490 _aFinancial Times
_v10 February 1998, 9(2)
490 _aIndependent
_v10 February 1998, 8
520 _aRigorous assessments should be carried out when improving road networks, ensuring promised benefits are delivered and local economies are not damaged, according to a report "Transport Investment, Transport Intensity and Economic Growth: Interim Report." Sactra, free.
650 _aECONOMIC DEVELOPMENT
650 _aLOCAL ECONOMY
650 _aNEW ROADS
650 _aROAD NETWORK
650 _aTRANSPORT
690 _aHIGHWAYS RIGHTS OF WAY AND EASEMENTS
942 _n0
948 _c11/02/1998
999 _c52891
_d52891